Обращение с отходами производства и потребления (Запись № 12489110)

Подробности
000 -МАРКЕР
контрольное поле 02612nam0a2200385 i 4500
001 - ИДЕНТИФИКАТОР ЗАПИСИ
контрольное поле RU\NLR\BIBL_A\012570337
005 - ИДЕНТИФИКАТОР ВЕРСИИ
контрольное поле 20260405145926.0
010 ## - МЕЖДУНАРОДНЫЙ СТАНДАРТНЫЙ НОМЕР КНИГИ (ISBN)
Номер (ISBN) 9785799511326
Тираж 100
021 ## - НОМЕР ГОСУДАРСТВЕННОЙ РЕГИСТРАЦИИ
Код страны российская федерация
Номер 2021-17812
Номер Листа государственной регистраци КН-П-1396
035 ## - ДРУГИЕ СИСТЕМНЫЕ НОМЕРА
Идентификатор записи (NLR Aleph) 012570337
100 ## - ДАННЫЕ ОБЩЕЙ ОБРАБОТКИ
Данные общей обработки 20210726d2020 km y0rusy50 ca
101 0# - ЯЗЫК РЕСУРСА
Язык текста, звукозаписи и т.д. русский
102 ## - СТРАНА ПУБЛИКАЦИИ ИЛИ ПРОИЗВОДСТВА
Страна публикации российская федерация
105 ## - ПОЛЕ КОДИРОВАННЫХ ДАННЫХ: ТЕКСТОВЫЕ МАТЕРИАЛЫ, МОНОГРАФИЧЕСКИЕ
Кодированные данные о монографическом текстовом документе a|||j|||000zy
181 #0 - ПОЛЕ КОДИРОВАННЫХ ДАННЫХ: ВИД СОДЕРЖАНИЯ
Код вида содержания (ISBD) i3
Код характеристики содержания (ISBD) ab2e
182 #0 - ПОЛЕ КОДИРОВАННЫХ ДАННЫХ: ТИП СРЕДСТВА
Код типа средства (ISBD) n - непосредственное
200 1# - ЗАГЛАВИЕ И СВЕДЕНИЯ ОБ ОТВЕТСТВЕННОСТИ
Основное заглавие Обращение с отходами производства и потребления
Сведения, относящиеся к заглавию учебное пособие
-- для студентов направления 18.03.02 Энерго- и ресурсосберегающие процессы в химической технологии, нефтехимии и биотехнологии профиля "Охрана окружающей среды и рациональное использование природных ресурсов"
Первые сведения об ответственности Ю.Н. Женихов, В.Н. Иванов, К.Ю. Женихов
Последующие сведения об ответственности Минобрнауки России, Федеральное государственное бюджетное образовательное учреждение высшего образования "Тверской государственный технический университет (ТвГТУ)"
203 ## - ВИД СОДЕРЖАНИЯ И ТИП СРЕДСТВА
Вид содержания Текст
Дополнительные сведения об издании визуальный
Тип средства непосредственный
205 ## - СВЕДЕНИЯ ОБ ИЗДАНИИ
Сведения об издании 5-е изд., доп. и испр.
210 ## - ПУБЛИКАЦИЯ, РАСПРОСТРАНЕНИЕ И ДР.
Место издания, распространения и т.д. Тверь
Имя издателя, распространителя и т. д. Редакционно-издательский центр Тверского государственного технического университета
Дата издания, распространения и т.д. 2020
215 ## - ФИЗИЧЕСКАЯ ХАРАКТЕРИСТИКА
Специфическое обозначение материала и объем 159, [1] с.
Другие сведения о физической характеристике ил.
Размеры 20
320 ## - ПРИМЕЧАНИЯ О НАЛИЧИИ В ДОКУМЕНТЕ БИБЛИОГРАФИИ / УКАЗАТЕЛЯ
Текст примечания Библиогр.: с. 147-156
606 1# - НАИМЕНОВАНИЕ ТЕМЫ КАК ПРЕДМЕТ
Наименование темы Отходы
Формальный подзаголовок Учебные издания для высших учебных заведений
Тематический подзаголовок Управление
Географический подзаголовок Российская Федерация
Системный номер авторитетной/нормативной записи 2192668
Идентификатор авторитетной/нормативной записи RU\NLR\AUTH\661317981
606 1# - НАИМЕНОВАНИЕ ТЕМЫ КАК ПРЕДМЕТ
Наименование темы Отходы
Формальный подзаголовок Учебные издания для высших учебных заведений
Тематический подзаголовок Обращение
Системный номер авторитетной/нормативной записи 2297140
Идентификатор авторитетной/нормативной записи RU\NLR\AUTH\6601602372
686 1# - ИНДЕКСЫ ДРУГИХ КЛАССИФИКАЦИЙ
Индекс У9(2)-553.84(2Р)я73
686 1# - ИНДЕКСЫ ДРУГИХ КЛАССИФИКАЦИЙ
Индекс Х625.9я73
686 1# - ИНДЕКСЫ ДРУГИХ КЛАССИФИКАЦИЙ
Индекс Ж69я73-1
700 #1 - ИМЯ ЛИЦА - ПЕРВИЧНАЯ ОТВЕТСТВЕННОСТЬ
Начальный элемент ввода Женихов
Часть имени, кроме начального элемента ввода Ю. Н.
Расширение инициалов личного имени Юрий Николаевич
701 #1 - ИМЯ ЛИЦА - АЛЬТЕРНАТИВНАЯ ОТВЕТСТВЕННОСТЬ
Материалы, к которым относится поле rus
Графика поля Кириллица
Начальный элемент ввода Иванов
Часть имени, кроме начального элемента ввода В. Н.
Дополнения к именам, кроме дат канд. техн. наук, эколог
Расширение инициалов личного имени Валерий Николаевич
Идентификатор авторитетной/нормативной записи RU\NLR\AUTH\7761293
Системный номер авторитетной/нормативной записи 44223
701 #1 - ИМЯ ЛИЦА - АЛЬТЕРНАТИВНАЯ ОТВЕТСТВЕННОСТЬ
Начальный элемент ввода Женихов
Часть имени, кроме начального элемента ввода К. Ю.
Расширение инициалов личного имени Кирилл Юрьевич
942 ## - ДОПОЛНИТЕЛЬНЫЕ ЭЛЕМЕНТЫ ЗАПИСИ (АБИС)
Тип экземпляра АБИС Книга
980 ## - КОЛЛЕКЦИЯ
Название коллекции НБР

Нет доступных экземпляров.